Child sexual abuse & the law / (Record no. 41892)

MARC details
000 -LEADER
fixed length control field 00826nam a22002297a 4500
005 - DATE AND TIME OF LATEST TRANSACTION
control field 20100814095637.0
010 ## - LCCN (DPL NO)
LC control number ENG-100435
020 ## - INTERNATIONAL STANDARD BOOK NUMBER
Terms of availability 250.00
035 ## - SYSTEM CONTROL NUMBER
System control number EN-83968
037 ## - SOURCE OF ACQUISITION
Stock number DBAD/PUB
082 ## - DEWEY DECIMAL CLASSIFICATION NUMBER
Classification number 346.7303
100 ## - MAIN ENTRY--PERSONAL NAME
Personal name Adenwalla, Maharukh
245 ## - TITLE STATEMENT
Title Child sexual abuse & the law /
Statement of responsibility, etc by Maharukh Adenwalla
260 ## - PUBLICATION, DISTRIBUTION, ETC. (IMPRINT)
Place of publication, distribution, etc Mumbai
Name of publisher, distributor, etc Indian Centre for Humman Right and law
Date of publication, distribution, etc 2000
270 ## - ADDRESS
Address CVOD Jain School, 4th Floor 84 Samuel Street (Hazrat Abbas Street) Dongri
City Mumbai
Postal code 400009
300 ## - PHYSICAL DESCRIPTION
Extent 266 p.
Dimensions 20cm (Pbk)
500 ## - GENERAL NOTE
General note Includes index
650 ## - SUBJECT ADDED ENTRY--TOPICAL TERM
Topical term or geographic name as entry element Child sexual abuse
700 ## - ADDED ENTRY--PERSONAL NAME
9 (RLIN) 12834
942 ## - ADDED ENTRY ELEMENTS (KOHA)
Source of classification or shelving scheme Dewey Decimal Classification
Item type English Books
Classification part 346.7303
Call number suffix ADE
Holdings
Withdrawn status Lost status Not for loan Collection code Home library Current library Date acquired Cost, normal purchase price Full call number Barcode Copy number Cost, replacement price Koha item type
    Not For Loan Non-fiction D.B.Act.Division D.B.Act.Division 14/08/2010 250.00 346.7303 ADE EN-83968 1 250.00 English Books

© Delhi Public Library
Hit Counter
free hit counter